| 000 | 00352nam a22001457a 4500 | ||
|---|---|---|---|
| 020 | _a8185749981 | ||
| 082 |
_a690.5 _bAMA/CI |
||
| 100 |
_aAmarjit Aggarwal _9863 |
||
| 100 |
_aUpadhyay,A.K _9864 |
||
| 245 | _aCivil Estimating, Costing and Valuation | ||
| 250 | _a7th | ||
| 260 |
_aNew Delhi _bS.K. Kataria & Sons _c2008 |
||
| 300 | _a463 | ||
| 942 | _cBK | ||
| 999 |
_c14501 _d14501 |
||